000 00803nam a2200253 a 4500
001 46798
003 BD-RjUL
005 20211209054215.0
008 160804s1950 enk 001 0 eng d
035 _a(BD-RjUL)46917
040 _aERL
_cERL
_dOCLCQ
_dZCU
_dBD-RjUL
_beng
041 1 _aeng
_hheb
082 _223
_a347.2
_bCOD 1950
245 0 4 _aThe Code of Maimonides :
_bbook nine the book of offerings /
_ctranslated from the Hebrew by Herbert Danby
260 _aLondon :
_bYale University Press,
_c1950
300 _axv, 236 p. ;
_c22 cm.
490 1 _aYale Judaica series ;
_vv. 4
500 _aInclude index
650 0 _aJewish law.
_9142150
650 0 _aProperty (Jewish law)
_9142151
700 1 _aDanby, Herbert
_9142152
830 0 _aYale Judaica series ;
_vv. 4
_9142595
942 _2ddc
_cBK
999 _c46798
_d46798